Teoretické modely pokrízového vývoja sveta
Analýza názorov popredných svetových odborníkov (Immanuel Wallerstein, Noah Chomsky, Ulrich Beck, George Friedman) na politické aspekty pokrízového vývoja sveta a nadväzne analýza sociálnych a ekonomických dôsledkov a dopadov krízy.
Enregistré dans:
| Auteur principal: | |
|---|---|
| Format: | Chapitre de livre |
| Langue: | slovaque |
| Sujets: | |
| Tags: |
Pas de tags, Soyez le premier à ajouter un tag!
|
MARC
| LEADER | 00000nla$a2200000$$$4500 | ||
|---|---|---|---|
| 001 | 0125651 | ||
| 005 | 20240502083318.7 | ||
| 041 | 0 | |a slo | |
| 044 | |a CZ | ||
| 245 | 1 | 0 | |a Teoretické modely pokrízového vývoja sveta |c Katarína Cséfalvayová |
| 520 | |a Analýza názorov popredných svetových odborníkov (Immanuel Wallerstein, Noah Chomsky, Ulrich Beck, George Friedman) na politické aspekty pokrízového vývoja sveta a nadväzne analýza sociálnych a ekonomických dôsledkov a dopadov krízy. | ||
| 610 | 2 | 0 | |a kríza finančná |
| 610 | 2 | 0 | |a kríza hospodárska |
| 610 | 2 | 0 | |a vývoj hospodársky |
| 610 | 2 | 0 | |a politika |
| 610 | 2 | 0 | |a systém menový medzinárodný |
| 610 | 2 | 0 | |a spolupráca medzinárodná |
| 100 | 1 | |a Cséfalvayová, Katarína | |